LEADER 00942nam a2200193 i 4500 001 000000215567 003 CaOOAMICUS 005 20120829000000.0 008 120829s1697 xx u000 u lat u 013 $a194440 026 $ar.ri i-m; temo spet (3) 1697 (R) 040 $aSeMil$bita 245 10$aTomus 4. 300 $a[28], 816 p. 500 $aSegn. : pigreco4 a4 b6 A-5K4. 773 0 $aRocaberti, Juan Thomás : de$tBibliotheca maxima pontificia in qua authores melioris notae qui hactenus pro sancta Romana sede, tum theologicè, tum canonicè scripserunt, ferè omnes continentur. Promouente, aesque suppeditante illustriss. et excellentiss. d. d. fr. Ioanne Thoma de Rocaberti ... Tomus 1. [-20.].$dRomae : Ex Typographia Ioannis Francisci Buagni, 1695-1699.$g4$w()5085 850 $aSeMil 852 $aSeMil$W1$xVenegono$y1$m2B VI 18 FA$j165987$B165987$CSeMilBibl$Z2$F176944 $8I 996 $6245$aTomus 4$9(OLS)http://semarc/title/151236 LEADER 01133nam a2200265 i 4500 001 000000228794 003 CaOOAMICUS 005 20140411000000.0 008 140411s2013 it u000 u mul u 013 $a207696 020 $a978-88-215-7993-6 040 $aSeMil$bita 245 10$aMatteo /$cintroduzione, traduzione e commento a cura di Giulio Michelini. 260 $aCinisello Balsamo :$bSan Paolo,$c2013. 300 $a496 p. ;$c22 cm. 490 0 $aNuova versione della Bibbia dai testi antichi ;$v37 650 4$aBibbia - NT - Matteo.$0(OLS)http://semarc/subject/292 700 1 $aMichelini, Giulio,$c.$0(OLS)http://semarc/name/68762 830 0$aNuova versione della Bibbia dai testi antichi ;$v37.$0(OLS)http://semarc/title/32532 850 $aSeMil 852 $aSeMil$W1$xVenegono$y1$m2XA E 37$j231839$B179140$CSeMilBibl$Z2$F190236 $81 961 $aSottoscrizione: San Paolo (Agente) 996 $6020$a978-88-215-7993-6$9(OLS)http://semarc/number/230996 996 $6245$aMatteo$9(OLS)http://semarc/title/78968 996 $6260$aCinisello Balsamo :$bSan Paolo$9(OLS)http://semarc/publisher/30129